00441 a2200133 450000500170000000800410001702000150005804000540007304100080012710000350013524500740017026000360024465000270028020190815125603.0190530b1982 sp ||||| |||| 00| 0 spa d a8473982010 aCO-BoUCMbspacJuan Jose MateusdJuan Jose Mateus0 aspa10aBoquera Oliver, José María10aEstudios sobre el acto administrativoc José María Boquera Oliver bEditorial Civitasc1982aMadrid 7aActos administrativos